Les arrêts de la ligne C23 du réseau TCL - Statistiques

Statistiques générales
  • Ce quiz a été pris 5 fois
  • Le résultat moyen est 10 sur 20
Statistiques - réponses
Hint Réponse % Correct
20 Cité Internationale
100%
13 Cordeliers
100%
8 Charmettes
67%
1 Flachet - Alain Gilles
67%
11 Halles Paul Bocuse
67%
14 Hôtel de Ville L. Pradel
67%
18 Interpol
67%
10 Part-Dieu Jules Favre
67%
16 Pont Churchill RD
67%
12 Saxe - Lafayette
67%
9 Thiers - Lafayette
67%
5 Blanqui - Le Rize
33%
4 Grandclément
33%
7 Institut d'Art Contemporain
33%
3 La Perralière
33%
17 Parc Tête d'Or Churchill
33%
15 Pont de Lattre RD
33%
6 Verlaine
33%
19 Musée d'Art Contemporain
0%
2 Rue de France - 4 août
0%
Aucun quiz correspondant
Distribution des résultats
% des personnes avec chaque résultat
Percentile par nombre de réponses
Votre historique - résultats
Vous n’avez pas pris ce quiz